000 00577 a2200193 4500
010 _aENG-86022
020 _a0070656134
_c295.00
035 _aEN-69555
037 _bD.B.Act / Pub
082 1 4 _a347.7
100 1 _aPathak, Akhileshwar
245 1 _aLegal aspects of business /
_cby Akhileshwar Pathak
250 _a3rd ed.
260 _aNew Delhi
_bTata Mc-Graw Hill Publishing
_cc2007
270 _a7, West Patel Nagar
_bNew Delhi
_e110 008
300 _axxii, 573 p.
_c24 cm. (Pbk.)
500 _aIncludes glossary
942 _adpl
_cEN
_2ddc
_h347.7
_mPAT
999 _c3988
_d3988